000
00360nam a2200133Ia 4500
008
231129s2002||||xx |||||||||||||| ||spa||
020
_a
302173-6
040
_b
spa
082
_a
R 036.02 G964
245
0
_a
Guinness World Records
260
_c
2002
264
_a
Guinness World records ; Planeta.
942
_2
ddc
_c
BKS
999
_c
14827
_d
14827